Co Można Kupić w Sklepiku Szkolnym - Statystyki

Ogólne statystyki
  • Ten quiz został rozwiązany 922 razy
  • Średni wynik to 4 z 12
Statystyki odpowiedzi
Odpowiedzi % Poprawnych
Wodę
63%
Chipsy
62%
Długopis
40%
Bułkę
39%
Zeszyt
39%
Słodycze
36%
Ołówek
28%
Owoce
25%
Lizaki
23%
Lody
20%
Coca Cole
14%
Oranżadę
7%
Nie znaleziono quizów pasujących do podanych kryteriów
Rozkład punktacji
Procent ludzi z każdym wynikiem
Percentyl według liczby udzielonych odpowiedzi
Twoja historia wyników
Nie rozwiązałeś tego quizu